<?xml version="1.0" encoding="UTF-8"?>
<record
    xmlns:xsi="http://www.w3.org/2001/XMLSchema-instance"
    xsi:schemaLocation="http://www.loc.gov/MARC21/slim http://www.loc.gov/standards/marcxml/schema/MARC21slim.xsd"
    xmlns="http://www.loc.gov/MARC21/slim">

  <leader>02141nam a22001577a 4500</leader>
  <datafield tag="082" ind1=" " ind2=" ">
    <subfield code="a">610</subfield>
  </datafield>
  <datafield tag="100" ind1=" " ind2=" ">
    <subfield code="a">Fatima Tu Zahra</subfield>
    <subfield code="9">131228</subfield>
  </datafield>
  <datafield tag="245" ind1=" " ind2=" ">
    <subfield code="a">Photobiomodulation for the Treatment of Cognitive symptoms and Neuropathy associated with Diabetes Mellitus /</subfield>
    <subfield code="c">Fatima Tu Zahra</subfield>
  </datafield>
  <datafield tag="264" ind1=" " ind2=" ">
    <subfield code="a">Islamabad : </subfield>
    <subfield code="b">SMME- NUST; </subfield>
    <subfield code="c">2025.</subfield>
  </datafield>
  <datafield tag="300" ind1=" " ind2=" ">
    <subfield code="a">95p.</subfield>
    <subfield code="b">Soft Copy</subfield>
    <subfield code="c">30cm</subfield>
  </datafield>
  <datafield tag="500" ind1=" " ind2=" ">
    <subfield code="a">Diabetes Mellitus is a complex metabolic disorder. It often leads to serious complications like
cognitive impairment and peripheral neuropathy. Photobiomodulation and metformin show
promise in reducing these complications through effects on mitochondria, inflammation, and nerve
protection. This study looked at the combined therapeutic potential of PBM and metformin in a
diabetic mouse model induced by streptozotocin (STZ). Adult Balb/c mice were divided into
groups: control, diabetic, metformin-treated, PBM-treated, and combination therapy. We
performed behavioral assessments, biochemical analyses, histopathology, and gene expression
studies to evaluate neuropathic pain, cognitive function, tissue integrity, and the molecular markers
BDNF and MPZ. The results show that both PBM and metformin improved blood sugar control,
reduced signs of neuropathic pain, and boosted cognitive performance. However, their
combination led to even greater improvements. Histological analyses revealed better preservation
of nerve and peripheral structures, while molecular analyses indicated an increase in neurotrophic
and myelination-related genes with combination therapy. These findings suggest a beneficial
interaction between PBM and metformin that targets several pathways involved in diabetic
complications. The combination presents a promising, non-invasive, and cost-effective way to
manage diabetes-related cognitive decline and neuropathy. Further long-term and clinical studies
are needed to refine protocols and confirm the potential for practical applications.</subfield>
  </datafield>
  <datafield tag="650" ind1=" " ind2=" ">
    <subfield code="a">MS Biomedical Sciences (BMS</subfield>
  </datafield>
  <datafield tag="700" ind1=" " ind2=" ">
    <subfield code="a">Supervisor : Dr. Aneeqa Noor</subfield>
    <subfield code="9">119519</subfield>
  </datafield>
  <datafield tag="856" ind1=" " ind2=" ">
    <subfield code="u">http://10.250.8.41:8080/xmlui/handle/123456789/55403</subfield>
  </datafield>
  <datafield tag="942" ind1=" " ind2=" ">
    <subfield code="2">ddc</subfield>
    <subfield code="c">THE</subfield>
  </datafield>
  <datafield tag="999" ind1=" " ind2=" ">
    <subfield code="c">615206</subfield>
    <subfield code="d">615206</subfield>
  </datafield>
  <datafield tag="952" ind1=" " ind2=" ">
    <subfield code="0">0</subfield>
    <subfield code="1">0</subfield>
    <subfield code="4">0</subfield>
    <subfield code="7">0</subfield>
    <subfield code="a">SMME</subfield>
    <subfield code="b">SMME</subfield>
    <subfield code="c">EB</subfield>
    <subfield code="d">2025-10-17</subfield>
    <subfield code="l">0</subfield>
    <subfield code="o">610</subfield>
    <subfield code="p">SMME-TH-1181</subfield>
    <subfield code="r">2025-10-17</subfield>
    <subfield code="w">2025-10-17</subfield>
    <subfield code="y">THE</subfield>
  </datafield>
</record>
